LEADER 01124nam a2200289 i 4500 001 000000249956 003 CaOOAMICUS 005 20210708115248.0 008 160706s2003 it u000 u ita u 013 $a228861 040 $aSeMil$bita 245 10$aLeonardo /$cpresentazione di Mario Pomilio. 260 $aMilano :$bSkira,$c2003. 260 $aMilano :$bRizzoli,$c2003. 300 $a173 p. :$bill. ;$c21 cm. 490 0 $aI classici dell'arte ;$v14 500 $aEd. speciale per il Corriere della Sera 600 04$aLeonardo : da Vinci <1452-1519>.$0(OLS)http://semarc/subject/2814 700 1 $aPomilio, Mario,$d<1921-1990>.$0(OLS)http://semarc/name/4097 830 2$aI classici dell'arte ;$v14.$0(OLS)http://semarc/title/44994 850 $aSeMil 852 $aSeMil$W1$xVenegono$y1$m5G I 57/14$j200302$B200302$CSeMilBibl$Z2$F213328 $81 961 $aOmaggio: Sagramoso Guido 996 $6245$aLeonardo$9(OLS)http://semarc/title/174712 996 $6260$aMilano :$bRizzoli$9(OLS)http://semarc/publisher/29824 996 $6260$aMilano :$bSkira$9(OLS)http://semarc/publisher/32219 LEADER 00874nam a2200241 i 4500 001 000000162053 003 CaOOAMICUS 005 20260127145248.0 008 080201s1980 it u000 u ita u 013 $a139417 040 $aSeMil$bita 100 1 $aSchutz, Roger,$c.$0(OLS)http://semarc/name/8557 245 10$aDiario 1974-1976 /$cFrère Roger di Taizé. 300 $a147 p. 490 0 $aIl pellicano 773 0 $aSchutz, Roger $tStupore di un amore.$dBrescia : Morcelliana, 1980-$kPellicano$g1$w()19120 830 3$aIl pellicano.$0(OLS)http://semarc/title/404225 850 $aSeMil 852 $aSeMil$W1$xVenegono$y1$m3F I 541$j113430$B113430$CSeMilBibl$Z2$F133775 $81 941 1 $a3 961 $aLascito: Colombo Card. Giovanni 996 $6245$aDiario 1974-1976$9(OLS)http://semarc/title/145531